'F' Celebrity Images Quiz Stats

 Plays Quiz Updated Jun 20, 2018

Challenge
Share
Tweet
Score 0/20 Timer 06:00
7 Plays Today
% Correct
Morgan Freeman
95.2%
Harrison Ford
87%
Will Ferrell
85.5%
Michael J. Fox
83.7%
Tina Fey
80.7%
Aretha Franklin
74.2%
Dakota Fanning
72.4%
James Franco
65.9%
Jodie Foster
65.7%
Jane Fonda
60.7%
% Correct
Brett Favre
60%
Colin Firth
58.5%
Brendan Fraser
54.3%
Sally Field
50%
Anna Faris
49.8%
Corey Feldman
44.6%
Ralph Fiennes
43.3%
Bobby Flay
42.9%
Dennis Franz
27.3%
Nathan Fillion
23.8%

You're not logged in!

Compare scores with friends on all Sporcle quizzes.
OR
Log In

You Might Also Like...

Show Comments

Extras

Top Quizzes Today


Score Distribution

Your Account Isn't Verified!

In order to create a playlist on Sporcle, you need to verify the email address you used during registration. Go to your Sporcle Settings to finish the process.

Report this User

Report this user for behavior that violates our Community Guidelines.

Details: